Представление документа в формате MARC21

Поле Инд. ПП Название Значение
Тип записи a
Библиографический уровень b
001 Контрольный номер e02f09ce7e33424bad2fff8ad7798d7f
005 Дата корректировки 20210828074755.3
040 a Служба первич. каталог. РИНЦ
041 0_ a Код языка текста rus
097 a Чагина С.Г.
100 1_ q Полное имя Марченко Татьяна Андреевна
g Прочие сведения РИНЦ AuthorID: 379007 (http://elibrary.ru/author_items.asp?authorid=379007)
u Дополнение Марченко Т. А.
a Автор Марченко Т. А.
c Титул (звания) профессор (ученое звание); доктор медицинских наук; заведующий кафедрой
i 000091421
k Кафедра социальной работы; Факультет экономики и управления
100 1_ q Полное имя Мельницкая Татьяна Борисовна
u Дополнение Мельницкая Т. Б.
a Автор Мельницкая Т. Б.
i 000091422
k Кафедра социальной работы; Факультет экономики и управления
100 1_ a Автор Белых Т. В.
245 10 a Заглавие Оценка информационной составляющей социально-психологической обстановки на радиоактивно загрязненных территориях Уральского региона
773 18 t Название источника Технологии гражданской безопасности
b Сведения об издании Федеральное государственное бюджетное учреждение "Всероссийский научно-исследовательский институт по проблемам гражданской обороны и чрезвычайных ситуаций МЧС России" (федеральный центр науки и высоких технологий)
c Москва
d Место и дата издания 2014
m Специф. данные журнал из перечня ВАК; ненулевой импакт-фактор;
n Примечание https://elibrary.ru/title_about.asp?id=26731
x ISSN 1996-8493
g Прочая информация Т. 11. - № 1 (39). - С. 24 - 29
w Контрольный № источника 85c72e7a99284db3af488fbe6f31ebb7
856 40 u URL https://elibrary.ru/item.asp?id=21438582
901 t Тип документа b
952 c Вид литературы статья в журнале